[Event "ROM-ch U20 Girls"]
[Site "Calimanesti Caciulata"]
[Date "2018.03.30"]
[Round "4"]
[White "Toba, Andreea Valentina"]
[Black "Morar, Maria Magdalena"]
[Result "1/2-1/2"]
[WhiteElo "1576"]
[BlackElo "1500"]
[PlyCount "82"]
[EventDate "2018.03.27"]
[EventType "tourn"]
[EventRounds "7"]
[EventCountry "ROU"]
[SourceTitle "EXT 2019"]
[Source "ChessBase"]
[SourceDate "2018.10.10"]
[SourceVersion "1"]
[SourceVersionDate "2018.10.10"]
[SourceQuality "1"]

1. f4 d5 2. Nf3 Nf6 3. g3 Bf5 4. Bg2 e6 5. 0-0 Nc6 6. d3 Bc5+ 7. e3 h5 8. Kh1 Bg4 9. h3 h4 10. hxg4 h3 11. Bxh3 Rxh3+ 12. Kg2 Rh8 13. g5 Ng4 14. d4 Be7 15. Nh4 f5 16. gxf6 Nxf6 17. Ng6 Rh6 18. Nxe7 Kxe7 19. Nd2 Qd6 20. Rh1 Rg6 21. c3 Kd7 22. Qf3 Ne7 23. e4 dxe4 24. Nxe4 Nxe4 25. Qxe4 Nf5 26. Rh3 Qd5 27. Qxd5+ exd5 28. Bd2 Re8 29. Kf3 Nd6 30. Rh5 Ne4 31. Be1 c6 32. Rc1 Nd6 33. g4 b5 34. b3 Re4 35. Bh4 a6 36. Bg5 Nf7 37. Bh4 Nd6 38. Re5 Re6 39. Bg3 Nf7 40. Rxe6 Rxe6 41. Bf2 Nd6 1/2-1/2

[Event "ROM-ch U20 Girls"]
[Site "Calimanesti Caciulata"]
[Date "2018.03.29"]
[Round "3"]
[White "Morar, Maria Magdalena"]
[Black "Cimpean, Andra"]
[Result "0-1"]
[WhiteElo "1500"]
[BlackElo "1881"]
[PlyCount "140"]
[EventDate "2018.03.27"]
[EventType "tourn"]
[EventRounds "7"]
[EventCountry "ROU"]
[SourceTitle "EXT 2019"]
[Source "ChessBase"]
[SourceDate "2018.10.10"]
[SourceVersion "1"]
[SourceVersionDate "2018.10.10"]
[SourceQuality "1"]

1. e4 Nf6 2. Nc3 d5 3. exd5 Nxd5 4. Qf3 c6 5. Bc4 e6 6. Nge2 Nd7 7. Qg3 N7b6 8. Bb3 Qd6 9. Qf3 Be7 10. Ne4 Qd8 11. d3 Nf6 12. Qg3 Nxe4 13. dxe4 g6 14. Bf4 Bh4 15. Qc3 Bf6 16. Be5 Nd7 17. Bd4 e5 18. Be3 0-0 19. 0-0-0 Qe7 20. g3 c5 21. h4 b5 22. h5 c4 23. hxg6 fxg6 24. Bxc4+ bxc4 25. Qxc4+ Rf7 26. Qd5 Rb8 27. Bxa7 Rb7 28. Be3 Nf8 29. Bc5 Qe8 30. Nc3 Be6 31. Qd2 Qc6 32. Bxf8 Rxf8 33. Qd6 Qxd6 34. Rxd6 Bg4 35. Rh2 Bg5+ 36. Kb1 Rc8 37. Rd3 Rf8 38. Rd5 Rf3 39. Nb5 Rbf7 40. a4 Rxf2 41. Rxf2 Rxf2 42. a5 Rf1+ 43. Ka2 Be6 44. a6 Bxd5+ 45. exd5 Be3 46. a7 Rf8 47. Kb3 Ra8 48. c4 Bxa7 49. Nd6 Rb8+ 50. Kc2 h5 51. Ne4 Kf7 52. b3 Ke7 53. Kb2 Be3 54. Ka3 g5 55. b4 h4 56. g4 h3 57. Ng3 Bf4 58. Nh1 Ra8+ 59. Kb2 Ra4 60. Kc3 Ra1 61. Nf2 h2 62. b5 Rf1 63. b6 Rxf2 64. b7 e4 65. c5 h1Q 66. d6+ Ke6 67. b8Q Qc1+ 68. Kd4 Rd2+ 69. Kxe4 Qe1+ 70. Kf3 Qe2# 0-1

[Event "ROM-ch U18 Girls"]
[Site "Calimanesti Caciulata"]
[Date "2016.04.19"]
[Round "2"]
[White "Corolea, Diana Gabriela"]
[Black "Morar, Maria Magdalena"]
[Result "1-0"]
[WhiteElo "1626"]
[BlackElo "1480"]
[PlyCount "117"]
[EventDate "2016.04.18"]
[EventType "swiss"]
[EventRounds "9"]
[EventCountry "ROU"]
[SourceTitle "CBM 172 Extra"]
[Source "ChessBase"]
[SourceDate "2016.06.21"]
[SourceVersion "1"]
[SourceVersionDate "2016.06.21"]
[SourceQuality "1"]

1. e4 c5 2. Nf3 e6 3. d4 cxd4 4. Nxd4 Nf6 5. Bg5 Qa5+ 6. Qd2 Bb4 7. c3 Nxe4 8. cxb4 Qxg5 9. Qc2 Nd6 10. Nb5 Qe5+ 11. Be2 Na6 12. Nxd6+ Qxd6 13. a3 Nc7 14. Nc3 Qe5 15. 0-0 b6 16. Bf3 Rb8 17. Rfe1 Qf4 18. Ne2 Qe5 19. Ng3 Qf4 20. Nh5 Qd6 21. Rad1 Nd5 22. Bxd5 0-0 23. Bxe6 Qe7 24. Bxd7 Qg5 25. Bxc8 Qxh5 26. Ba6 g6 27. Qe2 Qf5 28. Rd3 Qf6 29. Rf3 Qd6 30. Bc4 Rbc8 31. b3 Rc7 32. Qe5 Qd2 33. Qxc7 Qxe1+ 34. Bf1 a5 35. Qxb6 axb4 36. Qxb4 Qc1 37. Qc4 Qxa3 38. b4 Qa1 39. b5 Qb1 40. Qb3 Qe4 41. b6 Qb7 42. Bc4 Rb8 43. Rxf7 Qxf7 44. Bxf7+ Kg7 45. b7 Kf6 46. Qe6+ Kg7 47. Qc8 Rxc8 48. bxc8Q Kxf7 49. Qd7+ Kf6 50. Qxh7 Kg5 51. Qf7 Kh5 52. g3 Kh6 53. f4 g5 54. fxg5+ Kxg5 55. Kf2 Kh6 56. Qg8 Kh5 57. Kf3 Kh6 58. Kf4 Kh5 59. Qg5# 1-0

[Event "ROM-ch U16 Girls"]
[Site "Calimanesti"]
[Date "2015.04.05"]
[Round "8"]
[White "Morar, Maria Magdalena"]
[Black "Bejan, Clarisa Iustina"]
[Result "0-1"]
[WhiteElo "1415"]
[BlackElo "1590"]
[PlyCount "126"]
[EventDate "2015.03.30"]
[EventType "swiss"]
[EventRounds "9"]
[EventCountry "ROU"]
[SourceTitle "CBM 165 Extra"]
[Source "ChessBase"]
[SourceDate "2015.04.21"]
[SourceVersion "1"]
[SourceVersionDate "2015.04.21"]
[SourceQuality "1"]

1. e4 c5 2. Nf3 e6 3. c4 d6 4. Nc3 a6 5. d4 cxd4 6. Nxd4 Nf6 7. Bg5 Be7 8. Bd3 Bd7 9. 0-0 Nc6 10. Be3 Rc8 11. Rc1 Ne5 12. b3 Nxd3 13. Qxd3 0-0 14. f4 Qa5 15. Nde2 Bc6 16. f5 e5 17. Rf3 b5 18. Rg3 Kh8 19. Rf1 b4 20. Nd5 Bxd5 21. exd5 Qxa2 22. Bg5 Qa5 23. Bxf6 Bxf6 24. Rff3 Qb6+ 25. Kf1 Rfe8 26. Qe4 Kg8 27. Rg4 Kf8 28. h4 Ra8 29. c5 dxc5 30. Rd3 Qd6 31. Qc4 Rab8 32. Rd1 Red8 33. Ra1 Qxd5 34. Rxa6 Qxc4 35. Rxc4 Rbc8 36. Ra5 Be7 37. Ra2 Ra8 38. Rb2 Rd3 39. Re4 f6 40. Nc1 Rd1+ 41. Re1 Rxe1+ 42. Kxe1 Rd8 43. Rd2 Rd4 44. g3 Bd6 45. Rd3 Rxd3 46. Nxd3 e4 47. Nc1 Bxg3+ 48. Ke2 Bf4 49. Na2 Ke7 50. Kf2 Kd6 51. h5 Ke5 52. Ke2 Kxf5 53. Kf2 Kg4 54. Kg2 Kxh5 55. Kf2 Kg4 56. Kg2 h5 57. Kf2 h4 58. Kg1 h3 59. Nxb4 cxb4 60. Kh1 e3 61. Kg1 Kf3 62. Kh1 e2 63. Kg1 e1Q# 0-1

[Event "ROM-ch U16 Girls"]
[Site "Calimanesti"]
[Date "2015.04.02"]
[Round "4"]
[White "Davidescu, Miruna Gabriela"]
[Black "Morar, Maria Magdalena"]
[Result "0-1"]
[WhiteElo "1449"]
[BlackElo "1415"]
[PlyCount "58"]
[EventDate "2015.03.30"]
[EventType "swiss"]
[EventRounds "9"]
[EventCountry "ROU"]
[SourceTitle "CBM 165 Extra"]
[Source "ChessBase"]
[SourceDate "2015.04.21"]
[SourceVersion "1"]
[SourceVersionDate "2015.04.21"]
[SourceQuality "1"]

1. c4 e6 2. Nc3 c5 3. g3 d5 4. cxd5 exd5 5. Bg2 Nf6 6. d3 h6 7. Bf4 d4 8. Ne4 Nc6 9. Qc1 Nxe4 10. Bxe4 Bd7 11. Nf3 Qa5+ 12. Qd2 Qb5 13. Qc1 Rc8 14. 0-0 Be7 15. Ne5 g5 16. Nxc6 Bxc6 17. Bxc6+ Rxc6 18. Bd2 f5 19. f4 g4 20. b3 Re6 21. Re1 b6 22. b4 h5 23. bxc5 Bxc5 24. Rb1 Qc6 25. Kf2 h4 26. Rh1 Rh7 27. Re1 hxg3+ 28. Kxg3 Rh3+ 29. Kf2 Rxh2+ 0-1

[Event "ROM-ch U16 Girls"]
[Site "Calimanesti"]
[Date "2015.03.30"]
[Round "1"]
[White "Morar, Maria Magdalena"]
[Black "Salim, Arzu"]
[Result "0-1"]
[WhiteElo "1415"]
[BlackElo "1571"]
[PlyCount "52"]
[EventDate "2015.03.30"]
[EventType "swiss"]
[EventRounds "9"]
[EventCountry "ROU"]
[SourceTitle "CBM 165 Extra"]
[Source "ChessBase"]
[SourceDate "2015.04.21"]
[SourceVersion "1"]
[SourceVersionDate "2015.04.21"]
[SourceQuality "1"]

1. e4 c5 2. Nf3 Nc6 3. c4 g6 4. d4 cxd4 5. Nxd4 Nf6 6. Nc3 d6 7. Be2 Nxd4 8. Qxd4 Bg7 9. c5 0-0 10. cxd6 Ne8 11. Qb4 Qxd6 12. Nd5 Qxb4+ 13. Nxb4 Nd6 14. Bd3 e6 15. Rb1 Bd7 16. Bf4 Nb5 17. 0-0 Rac8 18. b3 a5 19. Nc2 Nc3 20. Bd6 Rfd8 21. Rbe1 Bb5 22. Be7 Rxd3 23. Kh1 Rd7 24. Bg5 Bxf1 25. Rxf1 Nxe4 26. Ne3 Nxg5 0-1

[Event "ROM-ch U10 Girls"]
[Site "Voineasa"]
[Date "2008.04.17"]
[Round "8"]
[White "Morar, Maria Magdalena"]
[Black "Munteanu, Ariadna"]
[Result "0-1"]
[WhiteElo "464"]
[BlackElo "401"]
[PlyCount "154"]
[EventDate "2008.04.08"]
[EventType "swiss"]
[EventRounds "9"]
[EventCountry "ROU"]
[SourceTitle "EXT 2013"]
[Source "ChessBase"]
[SourceDate "2012.11.22"]
[SourceVersion "1"]
[SourceVersionDate "2012.11.22"]
[SourceQuality "1"]

1. e4 e5 2. Nf3 Nc6 3. Bc4 Bc5 4. c3 Nf6 5. d4 d5 6. dxe5 dxc4 7. exf6 Qxd1+ 8. Kxd1 Bxf2 9. fxg7 Rg8 10. Bh6 Bg4 11. Ke2 Bc5 12. Rf1 Bd6 13. h3 Be6 14. Nbd2 0-0-0 15. Bg5 Be7 16. Bxe7 Nxe7 17. b3 cxb3 18. axb3 Rxg7 19. Kf2 h6 20. Rxa7 Rd3 21. Ne5 Rxd2+ 22. Ke1 c6 23. Kxd2 Rxg2+ 24. Ke1 Bxh3 25. Rxf7 Rg1+ 26. Ke2 Bf1+ 27. Ke3 Kb8 28. Nxc6+ Nxc6 29. Raxb7+ Ka8 30. Rbc7 Rg8 31. Rxc6 h5 32. Ra6+ Bxa6 33. Rh7 Rg5 34. Kd4 Bb5 35. c4 Be8 36. Rh8 Kb7 37. Rxe8 h4 38. Rh8 Rg4 39. b4 Kb6 40. c5+ Kb5 41. Rb8+ Kc6 42. b5+ Kc7 43. Rh8 Kd7 44. Kd5 Kc7 45. b6+ Kb7 46. Rh7+ Ka6 47. Ra7+ Kb5 48. b7 Rg8 49. c6 Kb6 50. Ra3 Rd8+ 51. Ke6 Kxc6 52. Ke7 Rb8 53. Rh3 Rxb7+ 54. Kf6 Rh7 55. Kg5 Kd6 56. Rd3+ Ke5 57. Re3 h3 58. Kg6 Kf4 59. Re1 Rh4 60. Rf1+ Kxe4 61. Kg5 Rh8 62. Kg4 h2 63. Re1+ Kd3 64. Kf4 h1Q 65. Rxh1 Rxh1 66. Ke5 Rh4 67. Kf5 Ke3 68. Ke6 Rh5 69. Kf6 Ra5 70. Ke6 Ke4 71. Kd6 Kd4 72. Ke6 Re5+ 73. Kf6 Ke4 74. Kg6 Kf4 75. Kf6 Ke4 76. Kf7 Kd5 77. Kf6 Kd6 0-1

[Event "ROM-ch U10 Girls"]
[Site "Voineasa"]
[Date "2008.04.15"]
[Round "5"]
[White "Herciu, Ana Maria"]
[Black "Morar, Maria Magdalena"]
[Result "1-0"]
[WhiteElo "605"]
[BlackElo "464"]
[PlyCount "43"]
[EventDate "2008.04.08"]
[EventType "swiss"]
[EventRounds "9"]
[EventCountry "ROU"]
[SourceTitle "EXT 2013"]
[Source "ChessBase"]
[SourceDate "2012.11.22"]
[SourceVersion "1"]
[SourceVersionDate "2012.11.22"]
[SourceQuality "1"]

1. e4 e5 2. Nf3 Nc6 3. Bb5 Nd4 4. Nxd4 exd4 5. 0-0 Bc5 6. Re1 Nf6 7. e5 Nd5 8. e6 0-0 9. exd7 Bxd7 10. Bxd7 Qxd7 11. d3 Bb4 12. Bd2 Bxd2 13. Nxd2 Rfe8 14. Nf3 Re6 15. Nxd4 Rg6 16. Qf3 Re8 17. Qf5 Qd6 18. Rxe8+ Qf8 19. Rxf8+ Kxf8 20. Re1 Nf6 21. Qc8+ Ne8 22. Qxe8# 1-0